Lateinische Stammformen: a-Konjugation - Statistiken

Allgemein
  • Dieses Quiz wurde 5 mal gespielt
  • Das Durchschnittsergebnis liegt bei 4 aus 10
Antwortstatistiken
Hint Antwort % Korrekt
accubare accubo, accubui, accubitum
100%
distare disto
100%
dare do, dedi, datum
100%
explicare explico, explicavi, explicatum
100%
implicare implico, implicavi, implicatum
100%
potare poto, potavi, potatum
100%
dimicare dimico, dimicavi, dimicatum
67%
circumstare circumsto, circumsteti
50%
cubare cubo, cubui, cubitum
50%
increpare increpo, increpui, increpitum
50%
restare resto, restiti
50%
tonare tono, tonui
50%
praestare praesto, praestiti
33%
stare sto, steti
33%
sonare sono, sonui
25%
adiuvare adiuvo, adiuvi, adiutum
0%
circumdare circumdo, circumdedi, circumdatum
0%
constare consto, constiti
0%
crepare crepo, crepui, crepitum
0%
domare domo, domui, domitum
0%
instare insto, institi
0%
lavare lavo, lavi, lautum
0%
micare mico, micui
0%
secare seco, secui, sectum
0%
vetare veto, vetui, vetitum
0%
Keine übereinstimmenden Quizze gefunden
Verteilung der Resultate
Anzahl Personen mit jedem Resultat
Perzentil nach korrekt beantworteten Fragen
Ihre Resultats-Entwicklung
Sie haben dieses Quiz noch nicht gespielt